| 000 | 00996nam a22002537a 4500 | ||
|---|---|---|---|
| 005 | 20170123164144.0 | ||
| 010 | _aB-210285 | ||
| 020 |
_c120.00 _a8182990726 |
||
| 035 | _aB-210285 | ||
| 037 | _bCen Lib/Ret | ||
| 040 |
_aDPL _bPN |
||
| 082 |
_aਕ _bਹਰਭ |
||
| 100 |
_aਹਰਭਜਨ ਸਿੰਘ ਕੋਮਲ _9120014 |
||
| 245 |
_aਕੂਚੇ-ਪੁਕ੍ਕੇ ਲੋਕ / _cਹਰਭਜਨ ਸਿੰਘ ਕੋਮਲ _bਕਹਾਨੀ ਸੰਗ੍ਰਹਿ / |
||
| 246 |
_aKuche-pucke lok : a collection of short stories/ _bby Harbhajan SIngh Komal |
||
| 260 |
_aਦਿੱਲੀ _bਆਰਸੀ ਪਬਲਿਸ਼ਰਜ਼ |
||
| 270 |
_aਚਾਂਦਨੀ ਚੋਕ _bਦਿੱਲੀ _e110006 |
||
| 300 |
_a120p ; _c20cm |
||
| 650 |
_aਪੰਜਾਬੀ -- ਕਹਾਣੀਆ _9120015 |
||
| 650 |
_aਸਾਹਿਤ -- ਪੰਜਾਬੀ _9120016 |
||
| 650 |
_aliterature -- Punjabi _9114104 |
||
| 650 |
_aPunjabi -- story _9116063 |
||
| 942 |
_2ddc _cPN _hਕ _mਹਰਭ |
||
| 999 |
_c109852 _d109852 |
||